Transesterification of vegetable oils , a review
En este artc̕ulo se revisa la transesterificacin̤ de los aceites vegetales con metanol, as ̕como los principales usos de los šteres metl̕icos de c̀idos grasos. Se describen los aspectos generales de este proceso y la aplicabilidad de distintos tipos de catalizadores (c̀idos, hidrx̤idos metl̀icos al...
Gespeichert in:
| Weitere Verfasser: | , , , |
|---|---|
| Format: | Buch |
| Sprache: | Englisch |
| Schlagworte: | |
| Online-Zugang: | Transesterification of vegetable oils , a review |
| Tags: |
Tag hinzufügen
Keine Tags, Fügen Sie den ersten Tag hinzu!
|
MARC
| LEADER | 00000nam a22000004a 4500 | ||
|---|---|---|---|
| 001 | vpro2055 | ||
| 005 | 20201223000000.0 | ||
| 008 | 120827s2007 ck # g## #001 0#eng#d | ||
| 020 | |||
| 022 | |a 0103-5053 | ||
| 040 | |a CO-BoINGC | ||
| 041 | 0 | |a eng | |
| 245 | 1 | 0 | |a Transesterification of vegetable oils , a review |
| 246 | |a Transesterificacin̤ de aceites vegetales : una revisin̤ | ||
| 264 | |a Bogot ̀(Colombia) : |b Revista VirtualPRO, |c 2007 | ||
| 520 | 3 | |a En este artc̕ulo se revisa la transesterificacin̤ de los aceites vegetales con metanol, as ̕como los principales usos de los šteres metl̕icos de c̀idos grasos. Se describen los aspectos generales de este proceso y la aplicabilidad de distintos tipos de catalizadores (c̀idos, hidrx̤idos metl̀icos alcalinos, alcx̤idos y carbonatos, enzimas y base no in̤icas, tales como aminas, amidinas, guanidinas y triamino (imino)fosforanos). Se concede especial atencin̤ a las guanidinas, las cuales se pueden heterogeneizar fc̀ilmente sobre polm̕eros orgǹicos. Sin embargo, los catalizadores anclados muestran problemas de lixiviacin̤. | |
| 650 | \ | \ | |a Productos vegetales |
| 650 | \ | \ | |a Hortalizas |
| 650 | \ | \ | |a Aceites y grasas |
| 650 | \ | \ | |a Aceites vegetales |
| 650 | \ | \ | |a Plant products |
| 650 | \ | \ | |a Vegetables |
| 650 | \ | \ | |a Oils and fats |
| 650 | \ | \ | |a Vegetable oils |
| 650 | \ | \ | |a Transesterificacin̤ |
| 650 | \ | \ | |a <U+00C9>steres metl̕icos de c̀idos grasos |
| 650 | \ | \ | |a Bases no in̤icas |
| 650 | \ | \ | |a Heterogenizacin̤. |
| 650 | \ | \ | |a Transesterification |
| 650 | \ | \ | |a Fatty acid methyl esters |
| 650 | \ | \ | |a Non-ionic bases |
| 650 | \ | \ | |a Heterogenization |
| 700 | \ | \ | |a Schuchardta Ulf |
| 700 | \ | \ | |a Serchelia Ricardo |
| 700 | \ | \ | |a Matheus Vargas Rogřio |
| 700 | \ | \ | |a Sociedade Brasileira de Quimica |
| 856 | |z Transesterification of vegetable oils , a review |u https://virtualpro.unach.elogim.com/biblioteca/transesterificacion-de-aceites-vegetales-una-revision | ||